La buena y la mala educación. Ejemplos internacionales
Guardat en:
| Autor principal: | |
|---|---|
| Altres autors: | , |
| Format: | Desconegut |
| Idioma: | anglès |
| Publicat: |
Madrid, España
Encuentro
2011
|
| Col·lecció: | Ensayo
|
| Matèries: | |
| Etiquetes: |
Afegir etiqueta
Sense etiquetes, Sigues el primer a etiquetar aquest registre!
|
MARC
| LEADER | 00000 a2200000 4500 | ||
|---|---|---|---|
| 003 | CL-VaPUC | ||
| 005 | 20240607152834.0 | ||
| 008 | 201111b ||||| |||| 00| 0 eng d | ||
| 999 | |c 431930 |d 431928 | ||
| 020 | |a 978-84-9920-115-3 | ||
| 040 | |c Pontificia Universidad Católica de Valparaíso | ||
| 082 | |a 370.13 ENK 2011 | ||
| 100 | |a Enkvist, Inger |9 857205 | ||
| 245 | |a La buena y la mala educación. Ejemplos internacionales | ||
| 260 | |a Madrid, España |b Encuentro |c 2011 | ||
| 300 | |a 315 páginas | ||
| 440 | |a Ensayo |9 857206 |n 454 | ||
| 583 | |k Cristina Rojas |c 20201111 | ||
| 650 | |a Educación comparada |9 307694 | ||
| 650 | |a Enseñanza |x Evaluación |9 858626 | ||
| 650 | 0 | |a Política educativa |9 814707 | |
| 700 | |a Martínez Lucena, Jorge |e prólogo |9 858627 | ||
| 700 | |a Seguí Pons, Lluís |e prólogo |9 858628 | ||
| 852 | |a BIBCUR | ||
| 942 | |2 ddc |c BK | ||
| 952 | |0 0 |1 0 |2 ddc |4 0 |6 370_130000000000000_ENK_2011 |7 0 |8 A |9 576842 |a BIBEDU |b BIBEDU |d 2020-11-06 |e 3 |g 22827.00 |i 5577098 |o 370.13 ENK 2011 |p 5577098 |r 2020-11-06 |t 1 |v 22827.00 |w 2020-11-06 |y BK |k EBA | ||